000 00595nas a2200217 4500
001 BR7312210
003 BR-BrBNA
005 20231205082723.0
007 ta
008 230509b bl.|||p| |||| 00| 00por d
040 _aBR-BrBNA
_bpor
_cBiblioteca Nacional de Agricultura
041 _a(Pt)
072 _aF30
100 1 _aCamargo, L. de S.
245 1 _aHibridacao do morangueiro
650 _aMORANGO
650 _aHIBRIDACAO
773 0 _tAgronomico (Brazil)
_xISSN 0365-2726
_g(Jan-Dec 1973), v. 25 p. 8-9
_wBR7312210
909 _a202311
_bLúcia
_c55
_dLúcia Elande
942 _2AGRIS
_n0
_cANA
999 _c93838
_d93838